000 00753nam a2200253Ia 4500
003 OSt
005 20221006140819.0
006 a|||||r|||| 00| 0
007 ta
008 221006b |||||||| |||| 00| 0 eng d
020 _cP 65.00
024 _a700
037 _b45304, 27/12/2000, S S S
_cTextual
040 _aEASL
_cEASL
_beng
041 _2eng
_aeng
082 _aX.41.N9, N8
100 _aJI You
_9616886
245 0 _aChina's enterprise reform
_b Changing state/society relations after Mao
260 _aLondon
_bRoutledge
_c1998
300 _a271p.
_ccm.
490 _v CEL
_aRoutledge Studies in China in Transition
942 _hX.41.N9, N8
_cTEXL
_2CC
999 _c1068786
_d1068786